00566nam a22001817a 450000500170000001000150001702000270003203500140005903700130007308200150008624501160010126000400021727000440025730000240030150000190032570000170034470000230036120161129123223.0 aENG-116696 a9788184845761c1680.00 aEN-100228 bDBAD/PUB a339.460954 aPoverty alleviation in India :cedited by Johan Felix Raj...[et...al]bthe unfinished task and the road ahead / aNew DelhibRegal Publicationsc2016 aF-159 Rajouri GardenbNew Delhie110027 axv,391p. c23cm(Hb) aIncludes index aP. Anbalagan aRakesh Kumar Singh